| 000 | 01232nam0a2200313 4500 | ||
|---|---|---|---|
| 001 | RU\NLR\bibl\1329018 | ||
| 005 | 20250615163123.0 | ||
| 010 |
_a978-5-9775-0333-4 _92000 |
||
| 021 |
_aRU _b2008-100071 _95885 |
||
| 035 | _a(NLR Aleph) 001314279 | ||
| 090 |
_a699126 _c699126 |
||
| 100 | _a20081126d2009 |||y0rusy50 ca | ||
| 101 | 0 | _arus | |
| 102 | _aRU | ||
| 105 | _aa ||||||||| | ||
| 200 | 1 |
_a3ds Max 2009 _e[наиболее полное руководство] _fМихаил Бурлаков |
|
| 210 |
_aСанкт-Петербург _cБХВ-Петербург _d2009 |
||
| 215 |
_aXIV, 1069 с. _cил. _d24 _e1 электрон. опт. диск (CD-ROM) |
||
| 225 | 1 | _aВ подлиннике | |
| 300 | _aНа 4-й с. обл. авт.: Бурлаков М.В., д.т.н. | ||
| 320 | _aПредм. указ.: с. 1057-1069 | ||
| 606 | 1 |
_a3D STUDIO MAX 2009, графический редактор _jРуководства, пособия и т.п. _92544168 _3RU\NLR\auth\661505942 |
|
| 686 | _aЗ973.23-044.4я7 | ||
| 700 | 1 |
_aБурлаков _bМ. В. _gМихаил Викторович _4070 |
|
| 801 | 0 |
_aRU _bNLR _c20081126 _gRCR |
|
| 801 | 1 |
_aRU _bNLR _c20081126 |
|
| 942 | _cBOOK | ||
| 980 | _aNB | ||